LEADER 02452nam 2200517 450 001 000004915 005 20180209134426.0 010 $a88-204-7725-4 100 $a20010313d1992----km-y0itay0103----ba 101 0 $aita 102 $aIT 200 1 $a<> valutazione dei caratteri del territorio nella pianificazione$emetodi ed applicazioni$fSergio Vacca 210 $aMilano$cFranco Angeli$d1992 215 $a123 p.$d22 cm 225 2 $aEnciclopedia di urbanistica e pianificazione territoriale$v1 410 0$12001$aEnciclopedia di urbanistica e pianificazione territoriale$v1 516 $a<> valutazione dei caratteri del territorio 606 1 $aPianificazione territoriale$xMetodologia 606 2 $aTerreni agrari$xUtilizzazione$xValutazione 676 $a333.7614$v(22. ed.)$9Economia della terra (Economia fondiaria) e dell'energia. Terreni rurali. Valutazioni d'impatto ambientale 676 $a631.47$v(22. ed.)$9Pedologia. Rilevamenti del terreno e suo uso 676 $a711.554$v(22. ed.)$9Urbanistica (Pianificazione territoriale). Aree agricole 700 1$aVacca,$bSergio$0437341 801 0$aIT$bUniversità della Basilicata - B.I.A.$gRICA$2unimarc 912 $a000004915 996 $aValutazione dei caratteri del territorio nella pianificazione$973124 997 $aUNIBAS BAS $aMONAGR BAS $aMONOGR BAS $aAGRARIA CAT $aMEDURI$b01$c20000706$lBAS01$h1212 CAT $c20000920$lBAS01$h1833 CAT $c20001010$lBAS01$h1636 CAT $aTORRE$b20$c20010313$lBAS01$h1820 CAT $aTORRE$b20$c20010314$lBAS01$h0950 CAT $c20050601$lBAS01$h1753 CAT $abatch$b01$c20050718$lBAS01$h1048 CAT $c20050718$lBAS01$h1107 CAT $c20050718$lBAS01$h1137 CAT $c20050718$lBAS01$h1152 CAT $aTTM$b30$c20180209$lBAS01$h1344 FMT Z30 -1$lBAS01$LBAS01$mBOOK$1BASA2$APolo Tecnico-Scientifico$2DID$BDidattica$3PTS.d1.115764$6115764$5T115764$820180209$f04$FPrestabile Didattica Z30 -1$lBAS01$LBAS01$mBOOK$1BASA2$APolo Tecnico-Scientifico$2DID$BDidattica$3PTS.s3.p60.30$9PTS/96427$696427$5T96427$820000706$f04$FPrestabile Didattica Z30 -1$lBAS01$LBAS01$mBOOK$1BASA2$APolo Tecnico-Scientifico$2DID$BDidattica$3PTS.s3.p60.30A$697583$5I97583$820010313$f04$FPrestabile Didattica Z30 -1$lBAS01$LBAS01$mBOOK$1BASA4$APolo di Matera$2DID$BDidattica$3MSR/115765$6115765$5T115765$820180209$f98$FConsultazione LEADER 02234nam0 22004333i 450 001 CFI0245822 005 20251003044137.0 010 $a8808058026 010 $a9788808058027 100 $a20130827d1985 ||||0itac50 ba 101 | $aita 102 $ait 181 1$6z01$ai $bxxxe 182 1$6z01$an 183 1$6z01$anc$2RDAcarrier 200 1 $aAtlante dei minerali costituenti le rocce in sezione sottile$fW. S. Mackenzie, C. Guilford 210 $aBologna$cZanichelli$d1985 215 $a98 p.$cill.$d28 cm 300 $aTrad. di Luciano Tomadin 500 10$aAtlas of rock-forming minerals in thin section.$3CFI0245826$9CFIV080463$91400167 606 $aMinerali delle rocce$xRepertori$2FIR$3BVEC258162$9I 606 $aMinerali delle rocce$xRepertori$2FIR$3BVEC258162$9I 676 $a549$9$v12 676 $a549$9MINERALOGIA$v14 676 $a549.114$9MINERALI NELLE ROCCE$v21 676 $a552.80222$9PETROLOGIA MICROSCOPICA. IMMAGINI E ILLUSTRAZIONI CONNESSE$v21 700 1$aMacKenzie$b, William Scott$3CFIV080463$4070$062966 701 1$aGuilford$b, C.$3CFIV080464$4070$032617 801 3$aIT$bIT-000000$c20130827 850 $aIT-BN0095 $aIT-CE0017 $aIT-NA0079 $aIT-NA0070 901 $bNAP BU$c17 B $nPropedeutica. Formato cm. 20,1-28. 901 $bNAP BN$cD $nComprende volumi con collocazioni per formato catalogati prima del 1987. La consegna del doc. é effettuata dall'Uff. Distribuzione. 901 $bNAP 48$cARMADI $n$ 901 $bNAP 01$cSALA $n$ 912 $aCFI0245822 950 0$aBiblioteca Centralizzata di Ateneo$b1 v. in tre copie$cv. 1-1 ter$d 01SALA 549 MAC.at$e 0104 0000010045 VMA (ter 1 v. (3 copia)$fA $h20080821$i20080821$b1 v. in tre copie$cv. 1-1 ter$d 01SALA 549 MAC.at$e 0104 9000004335 VMB 1 v.$fA $h20080208$i20080208$b1 v. in tre copie$cv. 1-1 ter$d 01SALA 549 MAC.at$e 0104 9000004345 VMB (bis 1 v. (2 copia)$fA $h20080208$i20080208 977 $a 01$a 48$a BN$a BU 996 $aAtlas of rock-forming minerals in thin section$91400167 997 $aUNISANNIO